000
00259nam a22001217a 4500
041
_a
ENG
100
_a
Solutions D
245
_a
Previous Papers IBPS
260
_a
Delhi
_b
BSC
_c
1992
300
_a
62
650
_a
Competitive (47)
856
_u
Competitive (47)
999
_c
3057
_d
3057